01102 a2200229 4500003000500000005001700005010001700022020003300039040000900072082001500081100002600096245003700122260004300159300003400202505037400236650003300610650003200643650003000675942002400705999001900729952012400748NUST20221206123300.0 a 2003052710 a0262025493 (hc : alk. paper) cNust00a153.32,BUR1 aBurnett, Ron,910422710aHow images think /cRon Burnett. aCambridge, Mass. :bMIT Press,cc2004. axxi, 253 p. :bill. ;c24 cm. aVoltage Point and Image Words (Page-1), Images capes Mind and Body (Page-39), Foundations of Virtual Images (Page-57), Imagescapes as Ecology (Page-71), Simulation/ Viewing /Immersion (Page-93), Humans ------------Machines (Page-117), Computer Games and the Aesthetics of Human and Nonhuman Interaction(Page-199), Reanimating the World Waves of Interaction(Page-222).  0aImagery (Psychology)9104228 0aThought and thinking.96711 0aVisual perception.931933 2ddccBKk153.32,BUR c178712d178712 00102ddc4070aMCSbMCScGENd2016-12-12o153.32,BURpMCS33779r2016-12-08w2016-12-12yBKzAlmirah No.46, Shelf No.4